| 000 | 00510nam a2200181Ia 4500 | ||
|---|---|---|---|
| 001 | 7790 | ||
| 005 | 20260306160521.0 | ||
| 008 | 260306t2018||||xx |||||||||||||| ||spa|| | ||
| 041 | _aESP | ||
| 082 |
_a362.196855 _bB135 |
||
| 100 |
_aBenito Bahamonde, Pilar _eAUT |
||
| 245 | 0 | _aMetodología de la integración social de las personas con dificultades de comunicación, lenguaje y habla | |
| 260 | _c2018 | ||
| 300 |
_a162 páginas : _c26 cm. |
||
| 650 | _aGEN | ||
| 654 | _aCPS | ||
| 942 |
_cLIB _dJUS _fJUS _2ddc _n |
||
| 999 |
_c7790 _d7790 |
||